<?xml version="1.0" encoding="UTF-8"?>
<record
    xmlns:xsi="http://www.w3.org/2001/XMLSchema-instance"
    xsi:schemaLocation="http://www.loc.gov/MARC21/slim http://www.loc.gov/standards/marcxml/schema/MARC21slim.xsd"
    xmlns="http://www.loc.gov/MARC21/slim">

  <leader>01201nam a22002057a 4500</leader>
  <datafield tag="999" ind1=" " ind2=" ">
    <subfield code="c">69048</subfield>
    <subfield code="d">69048</subfield>
  </datafield>
  <controlfield tag="005">20230103162938.0</controlfield>
  <controlfield tag="008">      s2556    th ||||| |||| 00| 0 tha d</controlfield>
  <datafield tag="040" ind1=" " ind2=" ">
    <subfield code="a">NALT</subfield>
  </datafield>
  <datafield tag="050" ind1=" " ind2=" ">
    <subfield code="a">RA 777.6 </subfield>
    <subfield code="b">&#xE2D;564&#xE01; 2556</subfield>
  </datafield>
  <datafield tag="100" ind1="0" ind2=" ">
    <subfield code="a">&#xE2D;&#xE31;&#xE21;&#xE20;&#xE34;&#xE01;&#xE32; &#xE28;&#xE23;&#xE35;&#xE1A;&#xE38;&#xE0D;&#xE40;&#xE23;&#xE37;&#xE2D;&#xE07;</subfield>
    <subfield code="9">44116</subfield>
  </datafield>
  <datafield tag="245" ind1="1" ind2="0">
    <subfield code="a">&#xE01;&#xE32;&#xE23;&#xE08;&#xE31;&#xE14;&#xE01;&#xE32;&#xE23;&#xE2A;&#xE27;&#xE31;&#xE2A;&#xE14;&#xE34;&#xE01;&#xE32;&#xE23;&#xE2A;&#xE31;&#xE07;&#xE04;&#xE21;&#xE14;&#xE49;&#xE32;&#xE19;&#xE2A;&#xE38;&#xE02;&#xE20;&#xE32;&#xE1E;&#xE2D;&#xE19;&#xE32;&#xE21;&#xE31;&#xE22;&#xE2A;&#xE33;&#xE2B;&#xE23;&#xE31;&#xE1A;&#xE1C;&#xE39;&#xE49;&#xE2A;&#xE39;&#xE07;&#xE2D;&#xE32;&#xE22;&#xE38;&#xE43;&#xE19;&#xE40;&#xE02;&#xE15;&#xE01;&#xE23;&#xE38;&#xE07;&#xE40;&#xE17;&#xE1E;&#xE21;&#xE2B;&#xE32;&#xE19;&#xE04;&#xE23; /</subfield>
    <subfield code="c">&#xE2D;&#xE31;&#xE21;&#xE20;&#xE34;&#xE01;&#xE32; &#xE28;&#xE23;&#xE35;&#xE1A;&#xE38;&#xE0D;&#xE40;&#xE23;&#xE37;&#xE2D;&#xE07;.</subfield>
  </datafield>
  <datafield tag="260" ind1=" " ind2=" ">
    <subfield code="a">&#xE01;&#xE23;&#xE38;&#xE07;&#xE40;&#xE17;&#xE1E;&#xE2F; : </subfield>
    <subfield code="b">&#xE21;&#xE2B;&#xE32;&#xE27;&#xE34;&#xE17;&#xE22;&#xE32;&#xE25;&#xE31;&#xE22;&#xE23;&#xE32;&#xE21;&#xE04;&#xE33;&#xE41;&#xE2B;&#xE07;, </subfield>
    <subfield code="c">2556.</subfield>
  </datafield>
  <datafield tag="300" ind1=" " ind2=" ">
    <subfield code="a">185 &#xE2B;&#xE19;&#xE49;&#xE32; :</subfield>
    <subfield code="b">&#xE15;&#xE32;&#xE23;&#xE32;&#xE07; ;</subfield>
    <subfield code="c">29 &#xE0B;&#xE21;.</subfield>
  </datafield>
  <datafield tag="650" ind1=" " ind2="0">
    <subfield code="a">&#xE1C;&#xE39;&#xE49;&#xE2A;&#xE39;&#xE07;&#xE2D;&#xE32;&#xE22;&#xE38;</subfield>
    <subfield code="9">6134</subfield>
  </datafield>
  <datafield tag="650" ind1=" " ind2="4">
    <subfield code="a">&#xE1C;&#xE39;&#xE49;&#xE2A;&#xE39;&#xE07;&#xE2D;&#xE32;&#xE22;&#xE38;</subfield>
    <subfield code="9">15838</subfield>
    <subfield code="x">&#xE01;&#xE32;&#xE23;&#xE2A;&#xE07;&#xE40;&#xE04;&#xE23;&#xE32;&#xE30;&#xE2B;&#xE4C;</subfield>
  </datafield>
  <datafield tag="650" ind1=" " ind2="0">
    <subfield code="a">&#xE1C;&#xE39;&#xE49;&#xE2A;&#xE39;&#xE07;&#xE2D;&#xE32;&#xE22;&#xE38;</subfield>
    <subfield code="x">&#xE2A;&#xE38;&#xE02;&#xE20;&#xE32;&#xE1E;&#xE41;&#xE25;&#xE30;&#xE2D;&#xE19;&#xE32;&#xE21;&#xE31;&#xE22;</subfield>
    <subfield code="9">12344</subfield>
  </datafield>
  <datafield tag="850" ind1=" " ind2=" ">
    <subfield code="a">NALT</subfield>
  </datafield>
  <datafield tag="942" ind1=" " ind2=" ">
    <subfield code="c">RSH</subfield>
    <subfield code="2">lcc</subfield>
  </datafield>
  <datafield tag="998" ind1=" " ind2=" ">
    <subfield code="j">1020</subfield>
    <subfield code="k"> &#xE19;&#xE32;&#xE07;&#xE08;&#xE33;&#xE40;&#xE23;&#xE35;&#xE22;&#xE07;  &#xE23;&#xE30;&#xE27;&#xE31;&#xE07;&#xE2A;&#xE33;&#xE42;&#xE23;&#xE07;</subfield>
  </datafield>
  <datafield tag="952" ind1=" " ind2=" ">
    <subfield code="0">0</subfield>
    <subfield code="1">0</subfield>
    <subfield code="2">lcc</subfield>
    <subfield code="4">0</subfield>
    <subfield code="7">0</subfield>
    <subfield code="8">CRSH</subfield>
    <subfield code="a">NALT</subfield>
    <subfield code="b">NALT</subfield>
    <subfield code="e">&#xE1A;&#xE23;&#xE34;&#xE08;&#xE32;&#xE04;</subfield>
    <subfield code="l">0</subfield>
    <subfield code="o">&#xE27; RA 777.6 &#xE2D;564&#xE01; 2556</subfield>
    <subfield code="p">3961192876</subfield>
    <subfield code="r">2017-06-09 00:00:00</subfield>
    <subfield code="w">2017-06-09</subfield>
    <subfield code="y">RSH</subfield>
  </datafield>
</record>
